00741nam a2200265Ia 450000500170000000800460001702000180006303700100008104000080009104000080009904000080010704100080011504100080012308400080013110000800013924500360021926000230025526000090027836500050028736500080029285600530030094200100035399900210036395200910038420260324133044.0008 260324s9999 xx 000 0 eng d a9780203163719 aEBOOK aCRL beng cCRL 2eng aeng qCRL a Compiled by the British Library of Political and Economic Science91191514 0aIBSS: Anthropology: 2002 Vol.48 bTaylor and Francis c2004 a b780 uhttp://www.taylorfrancis.com/books/9780203163719 cEBOOK c1790326d1790326 00104070aCRLbCRLd2026-03-24l0pCL2072492r2026-03-24 13:30:44w2026-03-24yEBOOK